| 000 | 02168nam0a2200349 4500 | ||
|---|---|---|---|
| 001 | RU\NLR\bibl\941328 | ||
| 005 | 20260419030340.0 | ||
| 010 |
_a5-902894-05-0 _92000 |
||
| 021 |
_aRU _b2006-17389 _9864 |
||
| 035 | _a(NLR Aleph) 000929509 | ||
| 090 |
_a150861 _c150861 |
||
| 100 | _a20060502d2006 u y0rusy50 ca | ||
| 101 | 0 | _arus | |
| 102 | _aRU | ||
| 105 | _aa ||||||||| | ||
| 200 | 1 |
_aИнформатика и программирование _eучебник _eдля студентов ВУЗов, обучающихся по специальности 351400 "Прикладная информатика (по областям)" и другим междисциплинарным специальностям _fЕ.П. Истомин, С.Ю. Неклюдов, В.И. Романченко _gРос. гос. гидрометеорол. ун-т |
|
| 210 |
_aСанкт-Петербург _cАндреевский издательский дом _d2006 |
||
| 215 |
_a248 с. _cил. _d24 |
||
| 225 | 1 | _aГриф УМО | |
| 300 | _aВ конце кн. авт.: Истомин Евгений Петрович, д.т.н., проф.,Неклюдов Сергей Юрьевич, к.т.н., доц., Романченко Владимир Иванович, к.э.н., проф. | ||
| 320 | _aБиблиогр.: с. 243-247 (120 назв.) | ||
| 606 | 1 |
_aИнформатика _jУчебники для высших учебных заведений _92081274 _3RU\NLR\auth\661257251 |
|
| 606 |
_aПрограммирование (компьют.) _jУчебники для высших учебных заведений _3RU\NLR\auth\661257252 _92081275 |
||
| 686 | _aЗ973.23я73-1 | ||
| 700 | 1 |
_4070 _8rus _7ca _aИстомин _bЕ. П. _f1953- _gЕвгений Петрович _3RU\NLR\auth\7727219 _910256 |
|
| 701 | 1 |
_4070 _8rus _7ca _aНеклюдов _bС. Ю. _cканд. техн. наук _f1951- _gСергей Юрьевич _3RU\NLR\auth\7738870 _921854 |
|
| 701 | 1 |
_aРоманченко _bВ. И. _f1960- _gВладимир Иванович _4070 |
|
| 801 | 0 |
_aRU _bNLR _c20060502 _grcr |
|
| 801 | 1 |
_aRU _bNLR _c20060502 |
|
| 942 | _cBOOK | ||
| 980 | _aNB | ||